00990nam a2200277 i 4500003000900000005001700009007000300026008004100029040003000070041000800100082002300108100005300131245007400184264004400258300004300302336002700345337003300372338002800405590002700433650002400460650002600484910001400510942001400524952015700538999001700695DO-SdBNP20260531003124.0ta250729s1985 dr a 000 0 spa d aDO-SdBNPbspacBNPHUerda aspa aRD861.44bM4332231 aMatos Moquete, Manuel,d1944-96349eautor4aut.10aAbismos :b1972-1975 /cManuel Matos Moquete ; ilustrado por mercader 1aSanto Domingo :bEditora Búho,c1985. a51 páginas :bilustraciones ;c21 cm atextobtxt2rdacontent asin mediaciónbn2rdamedia avolumenbnc2rdacarrier aInventariado, 2025/ YL aPoesía dominicana aLiteratura dominicana aYLockward 2ddccLBS1 00102ddc51708PDaBNPHUbBNPHUcCTd2017-12-07eDonado por Ilonka Nacidit Perdomol0oBNPHU PD RD861.44 M433p2025-7560r2025-07-29w2025-07-29yLBS1 c59661d59661